[Event "OPEN B"]
[Site "?"]
[Date "2008.08.28"]
[Round "7.1"]
[White "Hrdina, R."]
[Black "Kalvach, L."]
[Result "0-1"]
[WhiteElo "1624"]
[BlackElo "1881"]
[PlyCount "62"]
[EventDate "2008.08.23"]
[SourceDate "2008.08.28"]

1. e4 Nf6 2. e5 Nd5 3. c4 Nb6 4. c5 Nd5 5. Bc4 e6 6. Nc3 Qg5 7. Bxd5 exd5 8.
Nf3 Qxg2 9. Rg1 Qh3 10. Nxd5 Na6 11. d4 d6 12. exd6 cxd6 13. Nf4 Qf5 14. Qe2+
Kd8 15. Rg5 Qd7 16. Bd2 b6 17. Rc1 Bb7 18. b4 Be7 19. Rxg7 Bf6 20. b5 Re8 21.
Be3 Bxg7 22. c6 Bxc6 23. bxc6 Qc8 24. Ne5 Nc7 25. Ned3 Bh6 26. Nh5 Bxe3 27.
fxe3 Qe6 28. Rc3 Nd5 29. Rb3 Nxe3 30. Ndf4 Ng2+ 31. Kf1 Nxf4 0-1

[Event "Open B"]
[Site "?"]
[Date "2008.08.28"]
[Round "7.2"]
[White "Klima, J."]
[Black "Blumel, M."]
[Result "1-0"]
[WhiteElo "1667"]
[BlackElo "1695"]
[PlyCount "119"]
[EventDate "2008.08.22"]
[SourceDate "2008.08.28"]

1. e4 e5 2. Nf3 Nc6 3. Bb5 Bc5 4. c3 Nge7 5. d4 exd4 6. cxd4 Bb4+ 7. Nc3 d5 8.
O-O Bxc3 9. bxc3 dxe4 10. Ne5 O-O 11. Ba3 Nxe5 12. dxe5 Qxd1 13. Rfxd1 Bg4 14.
Rd4 c6 15. Bxe7 Rfe8 16. Bxc6 bxc6 17. Bd6 f5 18. Rb1 Be2 19. Rb2 Bd3 20. Rb7
Ba6 21. Rd7 Red8 22. e6 Re8 23. Be5 Rxe6 24. Rxg7+ Kf8 25. Rxh7 Rae8 26. Bf4
R8e7 27. Rd8+ Re8 28. Rh8+ Kf7 29. Rd7+ R8e7 30. Rdd8 Bc4 31. Rdf8+ Kg7 32. h4
Bxa2 33. h5 Rf6 34. h6+ Kg6 35. Rxf6+ Kxf6 36. Rd8 Be6 37. Rd6 c5 38. Rc6 c4
39. Be3 Kg6 40. Rd6 Kf7 41. Kh2 Re8 42. Ra6 Re7 43. Kg3 Bc8 44. Rc6 Be6 45. Kh4
Kg6 46. g3 a5 47. Ra6 Re8 48. Rxa5 Bf7 49. Ra7 Rf8 50. Ra6+ Kh7 51. Bd4 Re8 52.
Kg5 Rf8 53. Ra7 Kg8 54. Bg7 Re8 55. Kxf5 e3 56. fxe3 Rxe3 57. Ra8+ Be8 58.
Rxe8+ Rxe8 59. Kg6 Re6+ 60. Bf6 1-0

[Event "Open B"]
[Site "?"]
[Date "2008.??.??"]
[Round "7.3"]
[White "Rut, V."]
[Black "Brhlik, A."]
[Result "1-0"]
[WhiteElo "1649"]
[BlackElo "1682"]
[PlyCount "54"]
[EventDate "2008.??.??"]

1. e4 c5 2. Nf3 Nc6 3. d4 cxd4 4. Nxd4 Nf6 5. Nc3 e5 6. Ndb5 d6 7. Nd5 Nxd5 8.
exd5 Ne7 9. c4 Ng6 10. Qa4 Bd7 11. Qb4 Bxb5 12. Qxb5+ Qd7 13. Qxd7+ Kxd7 14.
Bd3 Ne7 15. f4 f5 16. fxe5 dxe5 17. Bg5 e4 18. Be2 Nc8 19. Rf1 Bb4+ 20. Kd1 Rf8
21. a3 Bc5 22. b4 Bd4 23. Rb1 a6 24. Bc1 Ne7 25. g4 Rf7 26. gxf5 Be5 27. Bg4
Rf6 {dale necitelne} 1-0

[Event "OPEN B"]
[Site "?"]
[Date "2008.08.28"]
[Round "7.4"]
[White "Starychfojtu, J."]
[Black "Rubes, Z."]
[Result "0-1"]
[WhiteElo "1533"]
[BlackElo "1757"]
[PlyCount "58"]
[EventDate "2008.08.23"]
[SourceDate "2008.08.28"]

1. e4 c6 2. c4 d5 3. exd5 cxd5 4. cxd5 Nf6 5. Nc3 Nxd5 6. d4 Nc6 7. Bb5 Nxc3 8.
bxc3 Qd5 9. Bxc6+ bxc6 10. f3 Ba6 11. Be3 e6 12. Ne2 Qc4 13. Qd2 Rb8 14. Rd1
Ba3 15. Nc1 Rb1 16. Qc2 Rb2 17. Qd3 Qa4 18. Qe4 Rxg2 19. Bf2 O-O 20. Nb3 Bd6
21. Rd2 Qc4 22. Qe3 Rxh2 23. Rg1 Rg2 24. Rh1 Rg6 25. Kd1 h6 26. Nc1 Qd5 27. Rf1
Bxf1 28. Qe1 Qxf3+ 29. Kc2 Bc4 0-1

[Event "Open B"]
[Site "?"]
[Date "2008.??.??"]
[Round "7.5"]
[White "Vorisek, M."]
[Black "Mates, M."]
[Result "1/2-1/2"]
[WhiteElo "1587"]
[BlackElo "1661"]
[PlyCount "68"]
[EventDate "2008.??.??"]

1. d4 e6 2. e4 g6 3. c4 Bg7 4. Nc3 a6 5. Nf3 Ne7 6. Be3 d6 7. Bd3 Nd7 8. Qd2 h6
9. b4 b6 10. O-O e5 11. dxe5 g5 12. h3 Ng6 13. g3 Nf6 14. Kg2 g4 15. hxg4 Nxg4
16. Rh1 Nxe3+ 17. Qxe3 Bd7 18. Nh4 Nxh4+ 19. Rxh4 Rg8 20. Rh2 a5 21. b5 Qe7 22.
Na4 Rd8 23. Rah1 Rb8 24. Qf3 f6 25. Bc2 Kd8 26. Nc3 Kc8 27. Nd1 Kb7 28. Ne3 Rh8
29. Nf5 Bxf5 30. Qxf5 Rbg8 31. Bd1 Qe8 32. Bh5 Qe7 33. Bg4 Qf7 34. a4 Qe7
1/2-1/2

[Event "Open B"]
[Site "?"]
[Date "2008.??.??"]
[Round "7.6"]
[White "Rihova, K."]
[Black "Skalicky, T."]
[Result "1-0"]
[WhiteElo "1649"]
[BlackElo "1493"]
[PlyCount "89"]
[EventDate "2008.??.??"]

1. e4 c6 2. d4 d5 3. exd5 cxd5 4. Bd3 Nc6 5. c3 Nf6 6. Bf4 Bg4 7. Qb3 Na5 8.
Qa4+ Bd7 9. Qc2 e6 10. Nd2 Rc8 11. a3 Be7 12. Ngf3 Nc4 13. Ne5 b5 14. Ndf3 a5
15. Qe2 h6 16. O-O O-O 17. Rfe1 Qb6 18. Nxd7 Nxd7 19. Rab1 Bd6 $11 20. Bxd6
Qxd6 21. Bc2 Nf6 22. Ne5 Nd7 23. Qd3 f5 24. Nxd7 Qxd7 25. Qg3 Rf6 26. Re2 Re8
27. Bd3 Nd6 28. Rbe1 Ne4 29. Qe5 Ng5 30. h4 Nf7 31. Qf4 Nd6 32. Re3 Ne4 33. Qf3
Rb8 34. Qe2 Kf7 35. Qh5+ Kg8 36. Qe2 Kf7 37. Rf3 Rb6 38. Bxe4 fxe4 39. Rxf6+
Kxf6 40. Qg4 Kf7 41. h5 Kg8 42. Re3 Rb8 43. Rg3 Rf8 44. Qg6 Rf6 45. Qxf6 1-0

[Event "OPEN B"]
[Site "?"]
[Date "2008.08.28"]
[Round "7.7"]
[White "Hatas, R."]
[Black "Fojtu, T."]
[Result "0-1"]
[WhiteElo "1564"]
[BlackElo "1603"]
[PlyCount "55"]
[EventDate "2008.08.23"]
[SourceDate "2008.08.28"]

1. e4 d6 2. d4 Nf6 3. Nc3 g6 4. Bg5 h6 5. Bf4 Nh5 6. Be3 Nf6 7. e5 Ng4 8. Bf4
h5 9. h3 Nh6 10. Nf3 Bg7 11. Qd2 a6 12. Bc4 b5 13. Bb3 Nf5 14. O-O-O b4 15. Nd5
a5 16. g4 a4 17. Bc4 Nh6 18. Nxb4 hxg4 19. hxg4 Nxg4 20. Ng5 e6 21. f3 Nh6 22.
Nxe6 Bxe6 23. Bxe6 fxe6 24. Bxh6 Qe7 25. exd6 cxd6 26. Rde1 Kd7 27. Nd5 Qe8 28.
Bg5 0-1

[Event "OPEN B"]
[Site "?"]
[Date "2008.08.28"]
[Round "7.8"]
[White "Franc, O."]
[Black "Franek, J."]
[Result "1-0"]
[WhiteElo "1598"]
[BlackElo "1250"]
[PlyCount "63"]
[EventDate "2008.08.23"]
[SourceDate "2008.08.28"]

1. d4 f5 2. c4 e6 3. Nf3 d5 4. Nc3 c6 5. e3 Nf6 6. Be2 Bd6 7. Qc2 O-O 8. O-O
Bd7 9. Bd2 Be8 10. a3 Nbd7 11. b4 Ne4 12. b5 Rf6 13. c5 Bb8 14. bxc6 bxc6 15.
Ba6 Bh5 16. Ne1 Rh6 17. f4 Qh4 18. Nxe4 fxe4 19. g3 Qh3 20. Rf2 Bc7 21. Qa4 e5
22. Bb7 exf4 23. exf4 Re6 24. Bxc6 e3 25. Bxe3 Rxe3 26. Bxd7 Bxf4 27. Bxh3 Bxg3
28. hxg3 Rxg3+ 29. Bg2 Rg5 30. Qxa7 h6 31. Qxa8+ Kh7 32. c6 1-0

[Event "OPEN B"]
[Site "?"]
[Date "2008.08.28"]
[Round "7.9"]
[White "Fiala, J."]
[Black "Kotka, T."]
[Result "1-0"]
[WhiteElo "1658"]
[BlackElo "1400"]
[PlyCount "81"]
[EventDate "2008.08.22"]
[SourceDate "2008.08.28"]

1. e4 e5 2. Nf3 Nc6 3. d4 exd4 4. Nxd4 Nxd4 5. Qxd4 d6 6. Bc4 Be6 7. Bb3 Qh4 8.
O-O Nf6 9. f3 Be7 10. Be3 O-O 11. Nc3 a6 12. Bxe6 fxe6 13. Qc4 Nd5 14. Bf2 Qf4
15. Ne2 Qd2 16. exd5 exd5 17. Qd3 Qg5 18. f4 Qf6 19. Qxd5+ Kh8 20. Bd4 Qf7 21.
Qxf7 Rxf7 22. g4 c5 23. Bc3 a5 24. a4 b6 25. Rfd1 Rd8 26. Rd5 Bf6 27. Bxf6 gxf6
28. Rad1 Rg8 29. h3 f5 30. g5 h6 31. h4 hxg5 32. hxg5 Re7 33. Ng3 Rg6 34. Rxd6
Re1+ 35. Kf2 Rxd1 36. Rxd1 Kg7 37. Nxf5+ Kf7 38. Kf3 Rc6 39. Kg4 c4 40. Rd6 Rc5
41. g6+ 1-0

[Event "OPEN B"]
[Site "?"]
[Date "2008.08.28"]
[Round "7.10"]
[White "Soltys, R."]
[Black "Krejci, M."]
[Result "1/2-1/2"]
[WhiteElo "1568"]
[BlackElo "1438"]
[PlyCount "103"]
[EventDate "2008.08.23"]
[SourceDate "2008.08.28"]

1. Nf3 Nf6 2. d4 g6 3. e3 Bg7 4. c4 d5 5. Nbd2 c5 6. Qc2 cxd4 7. Nxd4 O-O 8.
Be2 Nc6 9. N2f3 Re8 10. cxd5 Nxd4 11. Nxd4 Nxd5 12. Nf3 Qb6 13. O-O Nb4 14. Qb3
Be6 15. Bc4 Bxc4 16. Qxc4 Rac8 17. Qb3 Red8 18. a3 Nd3 19. Qxb6 axb6 20. Rb1
Nxc1 21. Rfxc1 Rxc1+ 22. Rxc1 Bxb2 23. Rb1 Bxa3 24. Kf1 Rd6 25. Ne5 Bc5 26. Ke2
f6 27. Nd3 Rd7 28. h3 e5 29. Rb5 Rc7 30. e4 Kf7 31. f4 exf4 32. Nxf4 Rd7 33.
Nd5 f5 34. Nxb6 Bxb6 35. Rxb6 fxe4 36. Ke3 Re7 37. g4 Ke8 38. Rd6 Rd7 39. Rf6
b5 40. Rb6 Rd3+ 41. Kxe4 Rb3 42. Rb7 Rxh3 43. Rxb5 Rh4 44. Kf4 h5 45. Rg5 Kf7
46. Kg3 Rh1 47. gxh5 gxh5 48. Kg2 Ra1 49. Rxh5 Ra2+ 50. Kf3 Ra3+ 51. Ke4 Ra4+
52. Kf3 1/2-1/2

[Event "Open B"]
[Site "?"]
[Date "2008.??.??"]
[Round "7.19"]
[White "Brezinova, J."]
[Black "Hatasova, M."]
[Result "1/2-1/2"]
[WhiteElo "1496"]
[BlackElo "1347"]
[PlyCount "54"]
[EventDate "2008.??.??"]

1. d4 d5 2. Nf3 Nf6 3. Nc3 Nc6 4. Bg5 e6 5. e3 Bb4 6. Bd3 Bd7 7. O-O h6 8. Bh4
Qe7 9. Qd2 O-O 10. a3 Bd6 11. Ne2 e5 12. dxe5 Nxe5 13. Ned4 c5 14. Nxe5 Qxe5
15. f4 Qe7 16. Nf5 Bxf5 17. Bxf5 b6 18. c3 a5 19. Rad1 Rad8 20. Rf3 Rfe8 21.
Re1 Bc7 22. Qc1 Qd6 23. Rff1 c4 24. Bf2 Ne4 25. Bxe4 Rxe4 26. Qc2 Rde8 27. Rd1
b5 1/2-1/2

[Event "Open B"]
[Site "?"]
[Date "2008.??.??"]
[Round "7.13"]
[White "Silhanek, J."]
[Black "Mala, A."]
[Result "0-1"]
[WhiteElo "1763"]
[BlackElo "1423"]
[PlyCount "62"]
[EventDate "2008.??.??"]

1. e4 e5 2. Nf3 Nc6 3. Bb5 a6 4. Ba4 Nf6 5. O-O b5 6. Bb3 Bc5 7. d3 O-O 8. Bg5
d6 9. h3 Na5 10. Nbd2 Bb6 11. c3 Nxb3 12. Nxb3 Re8 13. Re1 c5 14. Nbd2 h6 15.
Bh4 Bd7 16. Nf1 a5 17. Ne3 Bc6 18. c4 b4 19. b3 Kh7 20. Nh2 g5 21. Bg3 Bd7 22.
f3 Nh5 23. Nhf1 Nf4 24. Bh2 Qf6 25. Bxf4 gxf4 26. Nd5 Qd8 27. Nh2 h5 28. Re2
Rb8 29. Qe1 Qg5 30. h4 Qg7 31. Nxb6 Rxb6 0-1

[Event "OPEN B"]
[Site "?"]
[Date "2008.08.28"]
[Round "7.14"]
[White "Pospisil, P."]
[Black "Nguyenova, A."]
[Result "0-1"]
[WhiteElo "1717"]
[BlackElo "1366"]
[PlyCount "94"]
[EventDate "2008.08.23"]
[SourceDate "2008.08.28"]

1. d4 d5 2. c4 e6 3. Nf3 Nf6 4. Bg5 Be7 5. Nc3 b6 6. Qc2 Bb7 7. e3 Nbd7 8. Ne5
Nxe5 9. dxe5 Nd7 10. Bf4 c5 11. Rd1 dxc4 12. Bxc4 Qc7 13. O-O Bc6 14. Nb5 Qb7
15. f3 g5 16. Bg3 h5 17. f4 h4 18. Be1 g4 19. Nd6+ Bxd6 20. Rxd6 h3 21. g3
O-O-O 22. b4 b5 23. Bd3 c4 24. Be2 Be4 25. Qc3 Bf5 26. Rf2 Nb6 27. Qd4 Rxd6 28.
exd6 Rg8 29. Qc5+ Kd7 30. Qxb5+ Qc6 31. Qxc6+ Kxc6 32. Bc3 Kxd6 33. Bd4 Rc8 34.
Bc5+ Kd5 35. Bd1 c3 36. Bb3+ Kc6 37. a4 a6 38. Bxb6 Kxb6 39. Bc2 Bxc2 40. Rxc2
Rc4 41. b5 axb5 42. axb5 Kxb5 43. Kf2 Kb4 44. Ke2 Kb3 45. Kd1 Rc8 46. Kc1 Ra8
47. Kb1 Ra1+ 0-1

[Event "Open B"]
[Site "?"]
[Date "2008.??.??"]
[Round "7.15"]
[White "Lorenc, D."]
[Black "Starek, S."]
[Result "1-0"]
[WhiteElo "1568"]
[BlackElo "1250"]
[PlyCount "59"]
[EventDate "2008.??.??"]

1. e4 e5 2. Nf3 Nc6 3. Nc3 d6 4. d4 Bg4 5. dxe5 Bxf3 6. Qxf3 Nxe5 7. Qg3 g6 8.
Be2 Nf6 9. Bg5 Bg7 10. Nd5 c6 11. Nc3 O-O 12. f4 Ned7 13. e5 dxe5 14. fxe5 Nxe5
15. Qxe5 Re8 16. Qc5 Qc7 17. O-O-O Re5 18. Bf4 Rxc5 19. Bxc7 Nd5 20. Nxd5 Rxd5
21. Rxd5 cxd5 22. Bf3 Rc8 23. Bg3 Rd8 24. Rd1 b6 25. Rxd5 Rxd5 26. Bxd5 Kf8 27.
c3 Ke7 28. Bb8 a6 29. Bb7 a5 30. Bc7 1-0

[Event "OPEN B"]
[Site "?"]
[Date "2008.08.28"]
[Round "7.16"]
[White "Riha, F."]
[Black "Zadnik, F."]
[Result "1-0"]
[WhiteElo "1469"]
[BlackElo "1100"]
[PlyCount "85"]
[EventDate "2008.08.23"]
[SourceDate "2008.08.28"]

1. e4 c5 2. Nf3 d6 3. h3 g6 4. Bc4 Bg7 5. c3 Nf6 6. d3 O-O 7. Bg5 Qb6 8. O-O
Qxb2 9. Nbd2 Qxc3 10. Rc1 Qa5 11. Re1 b5 12. Bxf6 Bxf6 13. Bd5 Be6 14. Bxa8
Qxa2 15. e5 dxe5 16. Rxc5 Qa3 17. Qc2 Na6 18. Rc3 Nb4 19. Rxa3 Nxc2 20. Rxa7
Nxe1 21. Nxe1 Rc8 22. Be4 Rc1 23. Ndf3 b4 24. Kh2 Bg7 25. Ra8+ Rc8 26. Ra4 f5
27. Ng5 fxe4 28. Nxe6 exd3 29. Nxd3 e4 30. Ndf4 g5 31. Nd5 Be5+ 32. g3 Rc2 33.
Rxb4 Rxf2+ 34. Kg1 Rd2 35. Nxe7+ Kf7 36. Nxg5+ Kxe7 37. Nxe4 Rd1+ 38. Kg2 Rd7
39. Rb5 Ke6 40. Nc5+ Kd6 41. Nxd7 Kxd7 42. Rxe5 Kd6 43. Rh5 1-0

[Event "Open B"]
[Site "?"]
[Date "2008.??.??"]
[Round "7.17"]
[White "Kozel, P."]
[Black "Mejzlik, J."]
[Result "1/2-1/2"]
[WhiteElo "1250"]
[BlackElo "1451"]
[PlyCount "72"]
[EventDate "2008.??.??"]

1. e4 d6 2. Nf3 e5 3. Nc3 c5 4. h3 Nc6 5. Bc4 a6 6. d3 h6 7. Be3 Nf6 8. a3 Be6
9. Nd5 b5 10. Nxf6+ Qxf6 11. Bxe6 fxe6 12. c4 Qd8 13. Qd2 Nd4 14. Bxd4 exd4 15.
O-O bxc4 16. dxc4 Be7 17. Rab1 O-O 18. b4 Rb8 19. e5 cxb4 20. axb4 dxe5 21.
Nxe5 Qd6 22. Ng6 Rfd8 23. Nxe7+ Qxe7 24. Rfe1 Qd6 25. Qe2 Re8 26. c5 Qc6 27.
Red1 e5 28. Qc4+ Qe6 29. Qxe6+ Rxe6 30. f4 Rd8 31. fxe5 Rxe5 32. Re1 Rxe1+ 33.
Rxe1 d3 34. Rd1 Rd4 35. Kf2 Rxb4 36. Rxd3 Rc4 1/2-1/2

[Event "OPEN B"]
[Site "?"]
[Date "2008.08.28"]
[Round "7.18"]
[White "Krizek, F."]
[Black "Kudrna, J."]
[Result "0-1"]
[WhiteElo "1432"]
[BlackElo "1000"]
[Annotator ",Honza"]
[PlyCount "48"]
[EventDate "2008.08.22"]
[SourceDate "2008.08.28"]

1. d4 e6 2. Nf3 a6 3. c3 d5 4. Nbd2 Be7 5. e3 f5 6. Nb3 Nf6 7. Bd3 O-O 8. Qc2
Ne4 9. g3 b6 10. Ne5 c5 11. Nd2 cxd4 12. exd4 Bb7 13. Bf1 Nd7 14. Ndf3 Rc8 15.
h4 Bf6 16. Nxd7 Qxd7 17. Qb3 b5 18. Bf4 Qd8 19. Be5 Bxe5 20. Nxe5 Qd6 21. Nd3
Qb6 22. Rg1 Rc7 23. f3 Nf6 24. a4 a5 {Dale necitelne} 0-1

[Event "Open B"]
[Site "?"]
[Date "2008.??.??"]
[Round "7.22"]
[White "Psenicka, T."]
[Black "Pychova, N."]
[Result "1-0"]
[WhiteElo "1641"]
[BlackElo "1250"]
[PlyCount "87"]
[EventDate "2008.??.??"]

1. d4 d5 2. Nf3 Nf6 3. e3 e6 4. h3 Bd7 5. Nbd2 Nc6 6. a3 Bd6 7. c4 a6 8. c5 Be7
9. b4 Na7 10. Bb2 h6 11. Bd3 Bb5 12. Ne5 Bxd3 13. Nxd3 Nh7 14. O-O O-O 15. f4
c6 16. Nf3 Bf6 17. Nfe5 Bxe5 18. Nxe5 Nf6 19. Ng4 Nb5 20. Rf3 Ne4 21. Nf2 Nf6
22. Qd3 Qe7 23. Re1 Nh7 24. e4 dxe4 25. Nxe4 Nf6 26. Ng3 Rad8 27. a4 Nc7 28.
Nf5 Qd7 29. Nd6 Nce8 30. Nc4 Nd5 31. Qd2 Qc7 32. Re5 Qd7 33. Qe1 Nec7 34. Nd6
Ne8 35. Ne4 Qe7 36. f5 Nec7 37. f6 Nxf6 38. Nxf6+ gxf6 39. Rg3+ Kh7 40. Qe4+ f5
41. Rxf5 Kh8 42. Rh5 Qf6 43. d5 Qxb2 44. Rxh6# 1-0

[Event "Open B"]
[Site "?"]
[Date "2008.??.??"]
[Round "7.23"]
[White "Skvoril, M."]
[Black "Vinecky, J."]
[Result "1-0"]
[WhiteElo "1250"]
[BlackElo "1424"]
[PlyCount "45"]
[EventDate "2008.??.??"]

1. e4 e5 2. Nf3 Nc6 3. Nc3 Bc5 4. Nxe5 Nxe5 5. d4 Bb4 6. dxe5 Ne7 7. Bc4 c6 8.
O-O b5 9. Bb3 O-O 10. Bg5 h6 11. Be3 Ng6 12. Qd4 Ba5 13. Qd6 Bc7 14. Qxg6 Bxe5
15. Qh5 Qe7 16. g3 a5 17. a3 b4 18. Ba2 Ba6 19. Rfe1 Bxc3 20. bxc3 d6 21. Qg4
Rae8 22. Bxh6 g6 23. Qxg6+ 1-0

[Event "Open B"]
[Site "?"]
[Date "2008.08.28"]
[Round "7.24"]
[White "Kutil, P."]
[Black "Rathousky, J."]
[Result "1/2-1/2"]
[WhiteElo "1409"]
[BlackElo "1250"]
[PlyCount "80"]
[EventDate "2008.08.22"]
[SourceDate "2008.08.28"]

1. b3 g6 2. Bb2 Nf6 3. e3 Bg7 4. c4 c5 5. d4 cxd4 6. Bxd4 Nc6 7. Nf3 Nxd4 8.
Nxd4 d6 9. Nd2 O-O 10. Be2 d5 11. O-O Ne4 12. Nxe4 dxe4 13. Rc1 e6 14. Nb5 Bd7
15. Nc3 Bc6 16. Qc2 Qf6 17. Nxe4 Bxe4 18. Qxe4 b6 19. Rcd1 Rfd8 20. Bf3 Rab8
21. a4 Qc3 22. Qb1 Qf6 23. Rxd8+ Rxd8 24. Rd1 Rxd1+ 25. Qxd1 h6 26. Kf1 Qe5 27.
g3 Qf5 28. Kg2 Qc5 29. Qd7 a5 30. Qb5 Qxb5 31. axb5 Bf8 32. Bc6 Bb4 33. Kf3 Kg7
34. Ke4 Kf6 35. h4 Ke7 36. f4 f5+ 37. Kf3 h5 38. e4 Bc5 39. exf5 exf5 40. Bd5
Bb4 1/2-1/2

[Event "Open B"]
[Site "?"]
[Date "2008.08.28"]
[Round "7.25"]
[White "Soltysova, P."]
[Black "Mulerova, K."]
[Result "1/2-1/2"]
[WhiteElo "1250"]
[BlackElo "1250"]
[PlyCount "57"]
[EventDate "2008.08.22"]
[SourceDate "2008.08.28"]

1. e4 e5 2. Nf3 Nc6 3. Bc4 Bc5 4. O-O Nf6 5. Nc3 O-O 6. d3 h6 7. Bd2 d6 8. h3
Bd7 9. Re1 Re8 10. Nd5 a6 11. b4 Ba7 12. b5 axb5 13. Bxb5 Nxd5 14. exd5 Nd4 15.
Bxd7 Qxd7 16. Nxd4 Bxd4 17. c3 Bb6 18. Be3 Ba5 19. Qb3 b6 20. Rec1 Qf5 21. c4
Qg6 22. Qc2 f5 23. Bd2 Bxd2 24. Qxd2 f4 25. f3 Ra3 26. Rc3 Rxc3 27. Qxc3 Ra8
28. a4 Qf5 29. g4 1/2-1/2

[Event "Open B"]
[Site "?"]
[Date "2008.08.28"]
[Round "7.26"]
[White "Puchold, M."]
[Black "Kocir, V."]
[Result "0-1"]
[WhiteElo "1000"]
[BlackElo "1273"]
[PlyCount "72"]
[EventDate "2008.08.22"]
[SourceDate "2008.08.28"]

1. d4 d5 2. e3 Bf5 3. c4 e6 4. c5 b6 5. b4 f6 6. Nc3 e5 7. f3 e4 8. fxe4 dxe4
9. d5 bxc5 10. Bb5+ Nd7 11. Bc6 Rb8 12. b5 Ne7 13. a4 Nxc6 14. dxc6 Ne5 15.
Qxd8+ Rxd8 16. Ba3 Rd3 17. Nge2 Rxe3 18. O-O Bg4 19. Ra2 Nc4 20. Bc1 Bxe2 21.
Rxe2 Rxc3 22. Rxe4+ Be7 23. Rfe1 Ne5 24. Bd2 Rd3 25. Bf4 Bd6 26. a5 O-O 27. Bg3
c4 28. Bf2 Rb8 29. Bxa7 Rxb5 30. Ra1 Bc5+ 31. Bxc5 Rxc5 32. a6 Rd8 33. a7 Ra8
34. Rd4 Nxc6 35. Rad1 Nxd4 36. Rxd4 Rxa7 0-1

[Event "Open B"]
[Site "?"]
[Date "2008.08.28"]
[Round "7.27"]
[White "Filip, L."]
[Black "Fojtu, J."]
[Result "1/2-1/2"]
[WhiteElo "1250"]
[BlackElo "1250"]
[PlyCount "100"]
[EventDate "2008.08.22"]
[SourceDate "2008.08.28"]

1. e4 e5 2. Nf3 Nc6 3. Bb5 d6 4. h3 Be7 5. d3 Bd7 6. Bc4 Na5 7. Nc3 Nxc4 8.
dxc4 Nf6 9. Qe2 c5 10. Bd2 Rb8 11. O-O O-O 12. Nd5 Bc6 13. Nxe7+ Qxe7 14. Bg5
Qe6 15. Bxf6 Qxf6 16. Kh1 Qg6 17. Rae1 Bd7 18. Rg1 f5 19. exf5 Qxf5 20. Nh2 Rf6
21. Ref1 Re8 22. f3 Qf4 23. Rf2 Rg6 24. Nf1 Be6 25. b3 Rh6 26. g3 Rxh3+ 27. Rh2
Rxh2+ 28. Nxh2 Qh6 29. g4 Rf8 30. Qg2 g5 31. Qe2 Bd7 32. Rf1 Bc6 33. Kg1 Rf4
34. a3 Qh3 35. c3 h5 36. gxh5 Qxh5 37. b4 b6 38. b5 Bb7 39. a4 a6 40. Qd3 Qh6
41. Rd1 a5 42. Qxd6 Qxd6 43. Rxd6 Rxc4 44. Rxb6 Bd5 45. Rg6+ Kf7 46. Rxg5 Kf6
47. Rh5 Rxa4 48. Ng4+ Kg6 49. Rxe5 Rc4 50. Re3 a4 1/2-1/2

[Event "Open B"]
[Site "?"]
[Date "2008.??.??"]
[Round "7.29"]
[White "Jirousek, F."]
[Black "Studnicka, P."]
[Result "1/2-1/2"]
[WhiteElo "1250"]
[BlackElo "125"]
[PlyCount "70"]
[EventDate "2008.??.??"]

1. e4 e5 2. Nc3 Nc6 3. f4 d6 4. Nf3 f5 5. Bc4 h6 6. d3 Qe7 7. Qe2 Be6 8. Bxe6
Qxe6 9. Nd5 O-O-O 10. Bd2 Nf6 11. Ne3 exf4 12. Nxf5 g6 13. N5d4 Nxd4 14. Nxd4
Qe5 15. c3 Re8 16. Nf3 Qb5 17. b3 g5 18. c4 Qc6 19. O-O Bg7 20. Rab1 Re7 21. a4
Qc5+ 22. Kh1 Rhe8 23. b4 Qc6 24. a5 Qd7 25. b5 Ng4 26. h3 Ne5 27. Nxe5 Rxe5 28.
Qg4 Qxg4 29. hxg4 R5e7 30. a6 Rh8 31. Kh2 h5 32. Kh3 hxg4+ 33. Kxg4 Bf6 34. Be1
b6 35. Rd1 Kd7 {dale necitelne} 1/2-1/2

[Event "Open A"]
[Site "?"]
[Date "2008.08.29"]
[Round "8.1"]
[White "Vokac, M."]
[Black "Fojtu, J."]
[Result "1-0"]
[WhiteElo "2451"]
[BlackElo "2105"]
[PlyCount "125"]
[EventDate "2008.??.??"]
[SourceDate "2008.08.29"]

1. Nf3 Nf6 2. c4 e6 3. g3 b6 4. Bg2 Bb7 5. O-O Be7 6. b3 O-O 7. Bb2 c5 8. e3
Qc7 9. Qe2 Nc6 10. Rd1 d5 11. Nc3 dxc4 12. bxc4 Rad8 13. d3 Nd7 14. Ne1 Nce5
15. f4 Bxg2 16. Qxg2 Nc6 17. g4 f6 18. Qe4 e5 19. f5 Rfe8 20. Nf3 Nf8 21. Kf2
Qd7 22. Rd2 Nb4 23. a3 Nc6 24. Rg1 h6 25. h4 Nh7 26. Nd5 Rf8 27. Ke1 b5 28.
cxb5 Qxd5 29. Qxd5+ Rxd5 30. bxc6 Rc8 31. Ke2 Rxc6 32. Rc1 Rc8 33. Rdc2 Rb8 34.
Nd2 Nf8 35. Nc4 Rdd8 36. Bc3 Nd7 37. Rb2 Rxb2+ 38. Bxb2 Rb8 39. Bc3 Kf8 40. Kd2
Ke8 41. Kc2 Kd8 42. Ba5+ Nb6 43. Rb1 Kc7 44. a4 Rb7 45. e4 Kc6 46. Bxb6 axb6
47. g5 hxg5 48. hxg5 Bd8 49. g6 Ra7 50. Nb2 Be7 51. Rh1 Ra8 52. Rh7 Rg8 53. Nc4
Bd6 54. Ne3 Bf8 55. Nd5 Bd6 56. Kc3 Bf8 57. Kb3 Bd6 58. Kc4 Bf8 59. Rh1 Bd6 60.
Rb1 Rb8 61. Rb5 Rb7 62. a5 bxa5 63. Rxb7 1-0

[Event "Open A"]
[Site "?"]
[Date "2008.08.29"]
[Round "8.4"]
[White "Hosticka, F."]
[Black "Stastny, J."]
[Result "1/2-1/2"]
[WhiteElo "2172"]
[BlackElo "2217"]
[PlyCount "74"]
[EventDate "2008.??.??"]
[SourceDate "2008.08.29"]

1. e4 c5 2. Nf3 e6 3. b3 b6 4. Bb2 Bb7 5. d3 d5 6. Nbd2 Nf6 7. Qe2 Be7 8. g3
O-O 9. e5 Nfd7 10. Bg2 Nc6 11. O-O Qc7 12. Rfe1 Rae8 13. h4 f6 14. exf6 Bxf6
15. Bxf6 Rxf6 16. Nf1 Ref8 17. N1h2 Kh8 18. c3 e5 19. Ng4 Rd6 20. Ngxe5 d4 21.
Nxd7 Qxd7 22. c4 Rdf6 23. Ng5 Rxf2 24. Rf1 Rxf1+ 25. Rxf1 Rxf1+ 26. Qxf1 Qe7
27. Nf7+ Kg8 28. Bd5 Nd8 29. Nh6+ Kh8 30. Nf5 Qe5 31. Bxb7 Nxb7 32. Qf3 g6 33.
Qxb7 Qxf5 34. Qa8+ Kg7 35. Qxa7+ Kh6 36. Qe7 Qxd3 37. Qg5+ Kg7 1/2-1/2

[Event "Open A"]
[Site "?"]
[Date "2008.08.29"]
[Round "8.5"]
[White "Vevera, R."]
[Black "Beil, M."]
[Result "0-1"]
[WhiteElo "2090"]
[BlackElo "2208"]
[PlyCount "70"]
[EventDate "2008.??.??"]
[SourceDate "2008.08.29"]

1. e4 c5 2. Nf3 e6 3. d4 cxd4 4. Nxd4 a6 5. Bd3 g6 6. Nc3 Bg7 7. Be3 d6 8. O-O
Nf6 9. Be2 O-O 10. Qd2 Nbd7 11. Nb3 Qc7 12. Bf4 Ne8 13. Rad1 Ne5 14. Bg3 b5 15.
f4 Nc4 16. Bxc4 bxc4 17. Nd4 Rb8 18. Kh1 f5 19. Qe2 Rxb2 20. Rfe1 Nf6 21. exf5
exf5 22. Ne6 Bxe6 23. Qxe6+ Kh8 24. Bh4 Rxc2 25. Bxf6 Rxf6 26. Qe8+ Rf8 27. Nd5
Qb7 28. Qe6 c3 29. Qxd6 Rd2 30. Qe6 Rxd1 31. Rxd1 c2 32. Re1 Qb1 33. Qe3 Qxe1+
34. Qxe1 Bb2 35. Ne3 c1=Q 0-1

[Event "Open A"]
[Site "?"]
[Date "2008.??.??"]
[Round "8.6"]
[White "Herejk, P."]
[Black "Vojta, P."]
[Result "0-1"]
[WhiteElo "2197"]
[BlackElo "2137"]
[PlyCount "104"]
[EventDate "2008.??.??"]

1. e4 c5 2. Nf3 d6 3. d4 cxd4 4. Nxd4 Nf6 5. Nc3 g6 6. Be3 Bg7 7. f3 O-O 8. Qd2
Nc6 9. O-O-O Bd7 10. g4 a6 11. h4 h5 12. gxh5 Nxh5 13. Nd5 b5 14. Bh3 Bxd4 15.
Bxd4 Nxd4 16. Qxd4 Ng3 17. Rh2 Bxh3 18. Qf2 Nh5 19. Rxh3 e6 20. Ne3 Qb6 $11 21.
Qe1 Rfc8 22. Rh2 Rc6 23. Rhd2 a5 24. Ng2 b4 25. Qe3 Qc7 26. Kb1 Rc8 27. Ne1 a4
28. a3 Rb8 29. axb4 Rxb4 30. Qa3 Rcb6 31. Rd4 Rxb2+ 32. Qxb2 Rxb2+ 33. Kxb2 Nf4
34. Rxa4 d5 35. Nd3 Ne2 36. Ra3 dxe4 37. fxe4 Qb7+ 38. Rb3 Qxe4 39. Rb4 Qc6 40.
c4 Kg7 41. Rd2 Qf3 42. Rb3 Qe3 43. Rd1 Qd4+ 44. Ka3 Qxc4 45. Rd2 Nd4 46. Rbb2
Nb5+ 47. Rxb5 Qxb5 48. Rd1 f5 49. Nb4 Qc4 50. Rh1 f4 51. h5 gxh5 52. Rxh5 f3
0-1

[Event "OPEN A"]
[Site "?"]
[Date "2008.08.29"]
[Round "8.7"]
[White "Ptak, P."]
[Black "Pokorny, M."]
[Result "1-0"]
[WhiteElo "2148"]
[BlackElo "2172"]
[PlyCount "86"]
[EventDate "2008.08.23"]
[SourceDate "2008.08.29"]

1. d4 d5 2. Nf3 Nf6 3. g3 c6 4. c4 e6 5. Qc2 Be7 6. Bg2 O-O 7. O-O Nbd7 8. b3
b6 9. Bb2 Bb7 10. Nc3 Rc8 11. Rad1 Qc7 12. e4 Nxe4 13. Nxe4 dxe4 14. Qxe4 Nf6
15. Qe2 Rfd8 16. Ne5 c5 17. dxc5 Bxg2 18. Kxg2 Bxc5 19. Qf3 Bf8 20. h4 Ne8 21.
Ng4 Rxd1 22. Rxd1 Rd8 23. Rxd8 Qxd8 24. Bc3 Qc8 25. Ne5 Nd6 26. g4 h6 27. Bd4
Qc7 28. Bb2 Nb7 29. Qc6 Qxc6+ 30. Nxc6 a5 31. Kf3 f6 32. Nb8 Nc5 33. Ke3 Kf7
34. Nc6 Ke8 35. Nd4 Kd7 36. f4 Nb7 37. Nb5 Be7 38. h5 Bc5+ 39. Kf3 Ke7 40. g5
fxg5 41. fxg5 hxg5 42. Bxg7 Kf7 43. Be5 Nd8 1-0